Guide to solutions for inorganic chemistry
में बचाया:
| मुख्य लेखक: | |
|---|---|
| स्वरूप: | पुस्तक |
| भाषा: | Undetermined |
| प्रकाशित: |
Oxford, New York
Oxford Univ. Press
1995
|
| विषय: | |
| टैग : |
टैग जोड़ें
कोई टैग नहीं, इस रिकॉर्ड को टैग करने वाले पहले व्यक्ति बनें!
|
| Thư viện lưu trữ: | Trung tâm Học liệu Trường Đại học Cần Thơ |
|---|
| LEADER | 00544nam a2200193Ia 4500 | ||
|---|---|---|---|
| 001 | CTU_22776 | ||
| 008 | 210402s9999 xx 000 0 und d | ||
| 020 | |b 67.5df | ||
| 082 | |a 546.076 | ||
| 082 | |b S912 | ||
| 100 | |a S H Strauss | ||
| 245 | 0 | |a Guide to solutions for inorganic chemistry | |
| 245 | 0 | |c S H Strauss | |
| 260 | |a Oxford, New York | ||
| 260 | |b Oxford Univ. Press | ||
| 260 | |c 1995 | ||
| 650 | |a chemistry, inorganic - problems, exercises | ||
| 904 | |i Minh, 980618 | ||
| 980 | |a Trung tâm Học liệu Trường Đại học Cần Thơ | ||